Sarah & Duck and the Christmas lights / (Record no. 383437)
[ view plain ]
| 000 -LEADER | |
|---|---|
| fixed length control field | 02095cam a2200517Mi 4500 |
| 001 - CONTROL NUMBER | |
| control field | ocn922087952 |
| 003 - CONTROL NUMBER IDENTIFIER | |
| control field | OCoLC |
| 005 - DATE AND TIME OF LATEST TRANSACTION | |
| control field | 20230424115452.0 |
| 008 - FIXED-LENGTH DATA ELEMENTS--GENERAL INFORMATION | |
| fixed length control field | 150612s2015 enka j 000 1 eng d |
| 040 ## - CATALOGING SOURCE | |
| Original cataloging agency | NLE |
| Language of cataloging | eng |
| Description conventions | rda |
| Transcribing agency | NLE |
| Modifying agency | OCLCQ |
| -- | AUNTL |
| -- | NZHPC |
| -- | OCLCF |
| -- | UKMGB |
| -- | OCLCQ |
| -- | OCLCO |
| -- | OCL |
| -- | OCLCO |
| -- | WACOL |
| 015 ## - NATIONAL BIBLIOGRAPHY NUMBER | |
| National bibliography number | GBB5A2412 |
| Source | bnb |
| 016 7# - NATIONAL BIBLIOGRAPHIC AGENCY CONTROL NUMBER | |
| Record control number | 017468810 |
| Source | Uk |
| 020 ## - INTERNATIONAL STANDARD BOOK NUMBER | |
| International Standard Book Number | 9780141362915 |
| Qualifying information | (hbk.) |
| 020 ## - INTERNATIONAL STANDARD BOOK NUMBER | |
| International Standard Book Number | 014136291X |
| Qualifying information | (hbk.) |
| 029 1# - (OCLC) | |
| OCLC library identifier | UKBOR |
| System control number | 136734588 |
| 029 1# - (OCLC) | |
| OCLC library identifier | UKDEL |
| System control number | 136734588 |
| 029 1# - (OCLC) | |
| OCLC library identifier | UKMGB |
| System control number | 017468810 |
| 029 1# - (OCLC) | |
| OCLC library identifier | UNITY |
| System control number | 136734588 |
| 035 ## - SYSTEM CONTROL NUMBER | |
| System control number | (OCoLC)922087952 |
| 082 04 - DEWEY DECIMAL CLASSIFICATION NUMBER | |
| Classification number | 823.92 |
| Edition number | 23 |
| 092 ## - LOCALLY ASSIGNED DEWEY CALL NUMBER (OCLC) | |
| Classification number | children |
| Item number | Harris |
| 049 ## - LOCAL HOLDINGS (OCLC) | |
| Holding library | WACL |
| 100 1# - MAIN ENTRY--PERSONAL NAME | |
| Personal name | Gomes Harris, Sarah, |
| Relator term | author. |
| 9 (RLIN) | 6466287 |
| 245 10 - TITLE STATEMENT | |
| Title | Sarah & Duck and the Christmas lights / |
| Statement of responsibility, etc | Sarah Gomes Harris. |
| 246 30 - VARYING FORM OF TITLE | |
| Title proper/short title | Sarah and Duck and the Christmas lights |
| 264 #1 - Production, Publication, Distribution, Manufacture, and Copyright Notice. | |
| Place of production, publication, distribution, manufacture | [London] : |
| Name of producer, publisher, distributor, manufacturer | Puffin, |
| Date of production, publication, distribution, manufacture, or copyr | 2015. |
| 300 ## - PHYSICAL DESCRIPTION | |
| Extent | 1 volume : |
| Other physical details | chiefly illustrations (colour) ; |
| Dimensions | 17 cm. |
| 336 ## - Content Type | |
| Content type term | text |
| 336 ## - Content Type | |
| Content type term | still image |
| 337 ## - Media type | |
| Media type term | unmediated |
| 338 ## - Carrier type | |
| Carrier type term | volume |
| 490 1# - SERIES STATEMENT | |
| Series statement | Sarah and Duck |
| 500 ## - GENERAL NOTE | |
| General note | Board book. |
| 500 ## - GENERAL NOTE | |
| General note | Cover title. |
| 520 ## - SUMMARY, ETC. | |
| Summary, etc | Sarah and Duck are decorating their house ready for Christmas. But they are missing the Christmas lights! Luckily, Bug knows a special place where they can find some ... Join Sarah and Duck in a fantastic new story, perfect for Christmas! |
| 521 ## - TARGET AUDIENCE NOTE | |
| Target audience note | children board book |
| Source | donation |
| 650 #0 - SUBJECT ADDED ENTRY--TOPICAL TERM | |
| Topical term or geographic name as entry element | Sarah (Fictitious character : Gomes Harris) |
| Form subdivision | Pictorial works |
| -- | Juvenile fiction. |
| 9 (RLIN) | 6466288 |
| 650 #0 - SUBJECT ADDED ENTRY--TOPICAL TERM | |
| Topical term or geographic name as entry element | Duck (Fictitious character : Gomes Harris) |
| Form subdivision | Pictorial works |
| -- | Juvenile fiction. |
| 9 (RLIN) | 6466289 |
| 655 #7 - INDEX TERM--GENRE/FORM | |
| Genre/form data or focus term | Board books. |
| Source of term | lcgft |
| 655 #7 - INDEX TERM--GENRE/FORM | |
| Genre/form data or focus term | Board books. |
| Source of term | fast |
| -- | (OCoLC)fst01726782 |
| 655 #7 - INDEX TERM--GENRE/FORM | |
| Genre/form data or focus term | Christmas fiction. |
| Source of term | fast |
| -- | (OCoLC)fst01981983 |
| 9 (RLIN) | 5733050 |
| 655 #7 - INDEX TERM--GENRE/FORM | |
| Genre/form data or focus term | Children's stories |
| Form subdivision | Pictorial works. |
| Source of term | gsafd |
| 9 (RLIN) | 5677077 |
| 655 #7 - INDEX TERM--GENRE/FORM | |
| Genre/form data or focus term | Christmas fiction. |
| Source of term | lcgft |
| 9 (RLIN) | 5733050 |
| 800 1# - SERIES ADDED ENTRY--PERSONAL NAME | |
| Personal name | Harris, Sarah Gomes. |
| Title of a work | Sarah and Duck. |
| 9 (RLIN) | 6466290 |
| 994 ## - | |
| -- | C0 |
| -- | WACOL |
| Withdrawn status | Lost status | Source of classification or shelving scheme | Damaged status | Not for loan | Collection code | Home library | Current library | Shelving location | Date acquired | Source of acquisition | Total Checkouts | Total Renewals | Full call number | Barcode | Date last seen | Date checked out | Cost, replacement price | Price effective from | Koha item type |
|---|---|---|---|---|---|---|---|---|---|---|---|---|---|---|---|---|---|---|---|
| Dewey Decimal Classification | Children Holiday Board Books | Wasatch County Library | Wasatch County Library | Main Floor Childrens Area | 04/24/2023 | Donation | 6 | 1 | BB Christmas Harris | 34301002014746 | 12/23/2025 | 12/16/2025 | 6.20 | 04/24/2023 | BOOK |
